| 000 | 00527nam a2200145Ia 4500 | ||
|---|---|---|---|
| 008 | 100204s9999 xx 000 0 und d | ||
| 082 | _b12976 | ||
| 100 | _aनाडकर्णी सुरेशचंद्र्र | ||
| 245 | _aक्रीडा ज्ञानकोश | ||
| 260 |
_b"वसंत माधव खाडीलकर , पुणे" _c1989 |
||
| 300 | _a785 | ||
| 630 | _aक्रीडा ज्ञानकोश | ||
| 730 | _aक्रीडा ज्ञानकोश | ||
| 942 | _cBOOK | ||
| 999 |
_c457408 _d457405 |
||